Konštruktivistické perspektívy výskumu europeizácie

Jedným z aspektov determinujúcich napredovanie, spomalenie alebo zastavenie európskej integrácie je európska identita. Legitimita konania politických elít je spojená s predstavou voličov o presadzovaní ich záujmov tak na národnej, ako aj európskej úrovni. Europeizáciou rozumieme výsledok vplyvu euró...

Description complète

Enregistré dans:
Détails bibliographiques
Auteur principal: Fodorová, Veronika
Format: Chapitre de livre
Langue:slovaque
Sujets:
Tags: Ajouter un tag
Pas de tags, Soyez le premier à ajouter un tag!

MARC

LEADER 00000naa a2200000 4500
001 0146721
005 20240502072640.9
041 0 |a slo 
044 |a SK 
245 1 0 |a Konštruktivistické perspektívy výskumu europeizácie  |c Veronika Fodorová 
520 |a Jedným z aspektov determinujúcich napredovanie, spomalenie alebo zastavenie európskej integrácie je európska identita. Legitimita konania politických elít je spojená s predstavou voličov o presadzovaní ich záujmov tak na národnej, ako aj európskej úrovni. Europeizáciou rozumieme výsledok vplyvu európskych inštitúcii, ideí a noriem, ktoré socializovaní aktéri vnášajú na domácu scénu a v určitom časovom horizonte spôsobujú preberanie identity EÚ na národnú úroveň. 
610 2 0 |a integrácia ekonomická medzinárodná 
610 2 0 |a Európa 
610 2 0 |a Európska únia 
610 2 0 |a záujmy verejné 
610 2 0 |a politika 
610 2 0 |a zvyklosti kultúrne 
610 2 0 |a identita 
100 1 |a Fodorová, Veronika